000
00202 a2200097 4500
001
18011
100
_a
Tanner, D
245
_a
Secondary education
260
_a
_b
Macmillan Co
_c
090
_c
13315
_d
13315
942
_a
NUST-CAE
_c
M
_c
3687
999
_c
253084
_d
253084